| 000 | 01054nam a2200289 a 4500 | ||
|---|---|---|---|
| 001 | |||
| 003 | |||
| 005 | 20211020105105.0 | ||
| 008 | 090916s2018 dr 00 0 spa d | ||
| 020 | _a9789945913156 (v.1) | ||
| 020 | _a978994593163 (v.2) | ||
| 040 |
_aDO-SdBNP _bspa _cBPMSU |
||
| 082 |
_a972.9302 _bR696d 2018 _222 |
||
| 100 | 1 | _aRodríguez Morel, Genaro | |
| 245 | 1 | 0 |
_aDocumentos para el estudio de la historia colonial de Santo Domingo : _b(1511-1560) / _cGenaro Rodrìguez Morel |
| 260 |
_aSanto Domingo : _bArchivo General de la Naciòn, _c2018 |
||
| 300 |
_av.; _e28 cm |
||
| 490 | 0 |
_aArchivo General de la Naciòn, _v339/340 |
|
| 500 | _3Incluye índices | ||
| 590 | _6Inventariado, 2021/VM | ||
| 610 | 1 | 4 |
_aArchivo General de Indias (Sevilla, España) _vFuentes |
| 651 | 4 |
_aSanto Domingo (República Dominicana ) _xHistoria _vfuentes |
|
| 651 | 4 |
_aSanto Domingo (República Dominicana) _xHistoria _yColonia ,1511-1680 _vFuentes |
|
| 710 | 2 | _aArchivo General de la Nación (República Dominicana) | |
| 910 | _aVMateo V. | ||
| 942 |
_2ddc _cBK |
||
| 999 |
_c13810 _d13810 |
||